[Event "GER-ch Net blitz qual3"]
[Site "Playchess.com INT"]
[Date "2021.05.07"]
[Round "5"]
[White "Lenze, Thomas"]
[Black "Moeller, Jonas"]
[Result "0-1"]
[WhiteElo "1668"]
[BlackElo "1444"]
[PlyCount "40"]
[EventDate "2021.05.07"]
[EventType "swiss (blitz)"]
[EventRounds "11"]
[EventCountry "GER"]
[SourceTitle "CBM 202 Extra"]
[Source "ChessBase"]
[SourceDate "2021.07.31"]
[SourceVersion "1"]
[SourceVersionDate "2021.07.31"]
[SourceQuality "1"]

1. e4 e5 2. Nf3 Nc6 3. Bc4 Bc5 4. 0-0 Nf6 5. Re1 Ng4 6. Re2 0-0 7. h3 Nf6 8. c3 Nxe4 9. Rxe4 d5 10. Bxd5 Qxd5 11. Qe2 Bf5 12. Qc4 Bxe4 13. Qe2 Bxf3 14. gxf3 f5 15. d3 Rae8 16. Nd2 Re6 17. Kh2 e4 18. dxe4 fxe4 19. fxe4 Qe5+ 20. Kh1 Rxf2 0-1

[Event "GER-ch Net blitz qual2"]
[Site "Playchess.com INT"]
[Date "2021.05.04"]
[Round "9"]
[White "Moeller, Jonas"]
[Black "Boettner, Juergen"]
[Result "1-0"]
[WhiteElo "1620"]
[BlackElo "1482"]
[PlyCount "59"]
[EventDate "2021.05.04"]
[EventType "swiss (blitz)"]
[EventRounds "11"]
[EventCountry "GER"]
[SourceTitle "CBM 202 Extra"]
[Source "ChessBase"]
[SourceDate "2021.07.31"]
[SourceVersion "1"]
[SourceVersionDate "2021.07.31"]
[SourceQuality "1"]

1. e4 e5 2. Nf3 Nc6 3. Bc4 Be7 4. c3 Nf6 5. d3 d6 6. a4 a6 7. 0-0 0-0 8. a5 b5 9. axb6 cxb6 10. b4 Bb7 11. Re1 b5 12. Bb3 a5 13. bxa5 Rxa5 14. Bb2 Rxa1 15. Bxa1 Qa5 16. Nbd2 Ra8 17. Ng5 Qb6 18. Nxf7 Kf8 19. Ng5 h6 20. Ne6+ Ke8 21. Nxg7+ Kd7 22. Nf3 Ng4 23. Be6+ Kc7 24. Bxg4 Rg8 25. Ne6+ Kb8 26. Bh3 Rg6 27. d4 exd4 28. cxd4 Nb4 29. Qb3 Nd3 30. Qxd3 1-0

[Event "Niedersachsen-ch op-A"]
[Site "Verden an der Aller"]
[Date "2020.01.04"]
[Round "6"]
[White "Stummeyer, Dieter"]
[Black "Moeller, Jonas"]
[Result "0-1"]
[WhiteElo "1802"]
[BlackElo "1849"]
[PlyCount "36"]
[EventDate "2020.01.02"]
[EventType "swiss"]
[EventRounds "7"]
[EventCountry "GER"]
[SourceTitle "EXT 2023"]
[Source "ChessBase"]
[SourceDate "2022.10.05"]
[SourceVersion "1"]
[SourceVersionDate "2022.10.05"]
[SourceQuality "1"]

1. e4 e5 2. f4 exf4 3. Nf3 g5 4. Bc4 Bg7 5. d4 d6 6. 0-0 Nc6 7. c3 h6 8. g3 Bh3 9. Rf2 Qd7 10. gxf4 Nf6 11. Bd3 Qg4+ 12. Kh1 gxf4 13. Qg1 0-0-0 14. Ne1 Qxg1+ 15. Kxg1 Rhg8 16. Rxf4 Nh5 17. Rf3 Bxd4+ 18. Kh1 Rg1# 0-1

[Event "Langenhagen Summer op 1st"]
[Site "Langenhagen"]
[Date "2019.07.05"]
[Round "4"]
[White "Steingraeber, Kai Uwe"]
[Black "Moeller, Jonas"]
[Result "1-0"]
[WhiteElo "2028"]
[BlackElo "1851"]
[PlyCount "103"]
[EventDate "2019.07.04"]
[EventType "swiss"]
[EventRounds "7"]
[EventCountry "GER"]
[SourceTitle "EXT 2020"]
[Source "ChessBase"]
[SourceDate "2019.10.17"]
[SourceVersion "1"]
[SourceVersionDate "2019.10.17"]
[SourceQuality "1"]

1. c4 Nf6 2. g3 e6 3. Bg2 d5 4. Nf3 Be7 5. 0-0 0-0 6. b3 b6 7. Bb2 c5 8. cxd5 Nxd5 9. e4 Nf6 10. e5 Nd5 11. d4 Nc6 12. dxc5 Bxc5 13. Nbd2 Ba6 14. Ne4 Bxf1 15. Bxf1 Be7 16. h4 h6 17. a3 f5 18. exf6 Nxf6 19. Ned2 Ne4 20. Bc4 Nxd2 21. Nxd2 Bf6 22. Bxe6+ Kh8 23. Qc2 Bxb2 24. Qxb2 Qd4 25. Qxd4 Nxd4 26. Bc4 Rad8 27. Ne4 Nf3+ 28. Kg2 Nd2 29. Nxd2 Rxd2 30. Rf1 Rfd8 31. a4 Kh7 32. h5 Rd1 33. Rxd1 Rxd1 34. g4 g6 35. hxg6+ Kxg6 36. f4 Kf6 37. Kf3 Rh1 38. Kg2 Re1 39. Kf3 Rh1 40. Kg2 Rd1 41. Kf3 Rc1 42. Ke4 Rc3 43. Kd5 Rg3 44. g5+ hxg5 45. fxg5+ Rxg5+ 46. Kc6 Ra5 47. Bb5 Ke5 48. b4 Rxa4 49. Bxa4 Kd4 50. b5 Kc4 51. Kb7 Kb4 52. Kxa7 1-0

[Event "Niedersachsen-ch op-C"]
[Site "Verden"]
[Date "2017.01.08"]
[Round "7"]
[White "Moeller, Jonas"]
[Black "Rausch, Darius"]
[Result "1-0"]
[WhiteElo "1648"]
[BlackElo "1415"]
[PlyCount "47"]
[EventDate "2017.01.05"]
[EventType "swiss"]
[EventRounds "7"]
[EventCountry "GER"]
[SourceTitle "CBM 187 Extra"]
[Source "ChessBase"]
[SourceDate "2018.11.04"]
[SourceVersion "1"]
[SourceVersionDate "2018.11.04"]
[SourceQuality "1"]

1. e4 c6 2. d4 d5 3. e5 Bf5 4. Nf3 e6 5. Be2 Ne7 6. 0-0 Bg6 7. Nbd2 Nf5 8. Nb3 Nd7 9. Bg5 f6 10. exf6 gxf6 11. Bf4 Bg7 12. c4 e5 13. dxe5 fxe5 14. Bg5 Qb6 15. cxd5 h6 16. dxc6 Qxc6 17. Rc1 Qb6 18. Bh4 e4 19. Re1 exf3 20. Bb5+ Kf8 21. Qxd7 Bd4 22. Be7+ Nxe7 23. Qxe7+ Kg8 24. Bc4+ 1-0

[Event "Niedersachsen-ch op-C"]
[Site "Verden"]
[Date "2017.01.05"]
[Round "1"]
[White "Moeller, Jonas"]
[Black "Poschadel, Andreas Gregor"]
[Result "1-0"]
[WhiteElo "1648"]
[BlackElo "1442"]
[PlyCount "97"]
[EventDate "2017.01.05"]
[EventType "swiss"]
[EventRounds "7"]
[EventCountry "GER"]
[SourceTitle "CBM 187 Extra"]
[Source "ChessBase"]
[SourceDate "2018.11.04"]
[SourceVersion "1"]
[SourceVersionDate "2018.11.04"]
[SourceQuality "1"]

1. e4 c5 2. Nf3 Nc6 3. d4 cxd4 4. Nxd4 Qb6 5. Nb3 Nf6 6. Nc3 e6 7. a3 d6 8. Be3 Qc7 9. f4 Be7 10. Qf3 a6 11. g4 Bd7 12. g5 Ng8 13. 0-0-0 Rc8 14. h4 b5 15. Rh2 Rd8 16. Nd4 Na7 17. f5 e5 18. Nd5 Qb8 19. Ne2 Bf8 20. Rf2 Nc6 21. Nec3 Qb7 22. b3 Nb8 23. Kb2 Rc8 24. h5 a5 25. Nb6 b4 26. axb4 axb4 27. Ncd5 Rd8 28. Nxb4 Bc6 29. Nxc6 Nxc6 30. Bb5 Rb8 31. Qe2 f6 32. Qc4 Nge7 33. Rxd6 fxg5 34. Bxc6+ Nxc6 35. Qxc6+ Qxc6 36. Rxc6 Be7 37. Re6 Kf7 38. Nd5 Bd8 39. c4 Re8 40. Rxe8 Kxe8 41. Rg2 h6 42. c5 Rc8 43. Rc2 Kf7 44. c6 Ba5 45. c7 Be1 46. Nb6 Rxc7 47. Rxc7+ Kg8 48. Nd5 g4 49. f6 1-0

[Event "Niedersachsen-ch U18"]
[Site "Rotenburg"]
[Date "2012.04.04"]
[Round "8"]
[White "Moeller, Jonas"]
[Black "Konow, Philipp"]
[Result "0-1"]
[WhiteElo "1271"]
[BlackElo "1971"]
[PlyCount "76"]
[EventDate "2012.03.31"]
[EventType "swiss"]
[EventRounds "9"]
[EventCountry "GER"]
[SourceTitle "EXT 2015"]
[Source "ChessBase"]
[SourceDate "2014.11.20"]
[SourceVersion "1"]
[SourceVersionDate "2014.11.20"]
[SourceQuality "1"]

1. e4 c5 2. Nf3 Nc6 3. d4 cxd4 4. Nxd4 e5 5. Nb5 a6 6. Nd6+ Bxd6 7. Qxd6 Qf6 8. Qxf6 Nxf6 9. Nc3 Nb4 10. Kd2 d5 11. a3 d4 12. axb4 dxc3+ 13. Ke3 cxb2 14. Bxb2 Be6 15. f3 Nd7 16. Be2 f6 17. c4 Nb6 18. Rhc1 Kf7 19. c5 Nd7 20. c6 bxc6 21. Rxc6 Nb8 22. Rb6 Rc8 23. Rc1 Nd7 24. Rxa6 Rxa6 25. Bxa6 Rb8 26. b5 Nb6 27. Kd3 Rd8+ 28. Kc3 Rd4 29. Kc2 Rb4 30. Rb1 Bc4 31. Bc3 Bd3+ 32. Kxd3 Rxb1 33. Ba5 Nd7 34. Kc4 Ke6 35. Bb7 Kd6 36. Ba6 Ra1 37. Kb4 Nc5 38. Bc8 Nd3+ 0-1

[Event "Niedersachsen-ch U18"]
[Site "Rotenburg"]
[Date "2012.04.01"]
[Round "3"]
[White "Goeing, Felix"]
[Black "Moeller, Jonas"]
[Result "1/2-1/2"]
[WhiteElo "1298"]
[BlackElo "1271"]
[PlyCount "22"]
[EventDate "2012.03.31"]
[EventType "swiss"]
[EventRounds "9"]
[EventCountry "GER"]
[SourceTitle "EXT 2015"]
[Source "ChessBase"]
[SourceDate "2014.11.20"]
[SourceVersion "1"]
[SourceVersionDate "2014.11.20"]
[SourceQuality "1"]

1. e4 d5 2. exd5 Qxd5 3. Nc3 Qd6 4. Bc4 Nf6 5. d3 a6 6. Nge2 Nc6 7. Be3 Bf5 8. Ng3 Bg6 9. a3 e6 10. Nce4 Nxe4 11. dxe4 Qxd1+ 1/2-1/2